<?xml version="1.0" encoding="UTF-8"?><?xml-stylesheet type="text/xsl" href="static/style.xsl"?><OAI-PMH xmlns="http://www.openarchives.org/OAI/2.0/" xmlns:xsi="http://www.w3.org/2001/XMLSchema-instance" xsi:schemaLocation="http://www.openarchives.org/OAI/2.0/ http://www.openarchives.org/OAI/2.0/OAI-PMH.xsd"><responseDate>2026-04-17T18:41:38Z</responseDate><request verb="GetRecord" identifier="oai:www.recercat.cat:10459.1/65088" metadataPrefix="marc">https://recercat.cat/oai/request</request><GetRecord><record><header><identifier>oai:recercat.cat:10459.1/65088</identifier><datestamp>2024-12-05T21:43:27Z</datestamp><setSpec>com_2072_3622</setSpec><setSpec>col_2072_479130</setSpec></header><metadata><record xmlns="http://www.loc.gov/MARC21/slim" xmlns:dcterms="http://purl.org/dc/terms/" xmlns:xsi="http://www.w3.org/2001/XMLSchema-instance" xmlns:doc="http://www.lyncode.com/xoai" xsi:schemaLocation="http://www.loc.gov/MARC21/slim http://www.loc.gov/standards/marcxml/schema/MARC21slim.xsd">
   <leader>00925njm 22002777a 4500</leader>
   <datafield ind2=" " ind1=" " tag="042">
      <subfield code="a">dc</subfield>
   </datafield>
   <datafield ind2=" " ind1=" " tag="720">
      <subfield code="a">Álvaro-Fuentes, Jorge</subfield>
      <subfield code="e">author</subfield>
   </datafield>
   <datafield ind2=" " ind1=" " tag="720">
      <subfield code="a">Plaza Bonilla, Daniel</subfield>
      <subfield code="e">author</subfield>
   </datafield>
   <datafield ind2=" " ind1=" " tag="720">
      <subfield code="a">Arrúe, José Luis</subfield>
      <subfield code="e">author</subfield>
   </datafield>
   <datafield ind2=" " ind1=" " tag="720">
      <subfield code="a">Cantero-Martínez, Carlos</subfield>
      <subfield code="e">author</subfield>
   </datafield>
   <datafield ind2=" " ind1=" " tag="260">
      <subfield code="c">2018-11-13T08:45:28Z</subfield>
   </datafield>
   <datafield ind2=" " ind1=" " tag="260">
      <subfield code="c">2020-02-10T23:19:18Z</subfield>
   </datafield>
   <datafield ind2=" " ind1=" " tag="260">
      <subfield code="c">2018</subfield>
   </datafield>
   <datafield ind2=" " ind1=" " tag="520">
      <subfield code="a">Tillage and organic fertilization impact short-term soil CO2 fluxes. However, the interactive effect of these two management practices has been rarely studied under field conditions. The objective of this study was to evaluate the impact of tillage (NT, no-tillage, and CT, conventional tillage) and fertilization strategy (PS, pig slurry, and MF, mineral fertilizer) on short-term soil CO2 fluxes in a rainfed Mediterranean agroecosystem. Soil CO2 fluxes were measured several times during two tillage and pre-sowing fertilization periods in 2012 and 2013 (7 and 6 times in 2012 and 2013, respectively). In the two years studied, tillage and fertilization significantly affected soil CO2 fluxes, but the interaction between both factors was not significant. The application of PS resulted in a sharp and immediate increase in the soil CO2 flux. One hour after the application of the organic fertilizer, soil CO2 emissions increased from 0.05 to 0.70 g CO2 m−2 h−1 and from 0.08 to 0.82 g CO2 m−2 h−1 in 2012 and 2013, respectively. Unlike fertilization, 1 h after tillage similar soil CO2 fluxes were observed in CT and NT plots. However, after 7 h, larger fluxes were observed in CT compared with NT in both years. Cumulative CO2 flux during the first 24 h after fertilization and tillage was about three- and two-fold greater in PS than in MF and in CT than in NT, respectively. The results of this study showed that in rainfed Mediterranean systems, soil management and fertilization have a noteworthy impact on short-term soil CO2 losses though no interactive effects were observed between both management practices.</subfield>
   </datafield>
   <datafield ind2=" " ind1=" " tag="520">
      <subfield code="a">This research was supported by the Ministry of Economy and Competitiveness of Spain (AGL2010-22050-C03-01/02; AGL2013-49062- C4-4-R) and the COMET-Global project (FACCE-JPI grant).</subfield>
   </datafield>
   <datafield ind1="8" ind2=" " tag="024">
      <subfield code="a">http://hdl.handle.net/10459.1/65088</subfield>
   </datafield>
   <datafield tag="653" ind2=" " ind1=" ">
      <subfield code="a">Short-term soil CO2 flux</subfield>
   </datafield>
   <datafield tag="653" ind2=" " ind1=" ">
      <subfield code="a">Tillage</subfield>
   </datafield>
   <datafield tag="653" ind2=" " ind1=" ">
      <subfield code="a">Organic fertilization</subfield>
   </datafield>
   <datafield tag="653" ind2=" " ind1=" ">
      <subfield code="a">Mediterranean agroecosystems</subfield>
   </datafield>
   <datafield ind2="0" ind1="0" tag="245">
      <subfield code="a">Pig slurry incorporation with tillage does not reduce short-term soil CO2 fluxes</subfield>
   </datafield>
</record></metadata></record></GetRecord></OAI-PMH>